00229nam a2200097Ia 4500008004100000041001200041100001800053245004700071260000600118650000700124221030s9999 xx 000 0 und d aEnglish aR.C. Gonzalez 0aDigital Image Processingcby R.C. Gonzalez c0 aMc